000 00522nam a2200157Ia 4500
008 170221s9999 xx 000 0 und d
100 _aFa-Bao Yan
245 4 _aThe Method of Real-Time Data Weighting Operations of CPLD/FPGA in Measurement Systems
245 _cFa-Bao Yan, Yan-Rui Su, and Jian-Xin Liu
260 _bJournal of Communications
260 _c2015
300 _a10 : 12
650 _xCommunication
650 _xMedia Arts
856 _uhttp://www.jocm.us/index.php?m=content&c=index&a=lists&catid=154
999 _c307128
_d307128